000 00843nam a22002777a 4500
001 BR6010446
003 BR-BrBNA
005 20230928083322.0
007 ta
008 230509b bl.||||| |||| 00| 0 por d
040 _aBR-BrBNA
_bpor
_cBiblioteca Nacional de Agricultura
041 _a(Por)
072 _aF05; F50; F60
090 _ F05 BR6010446
100 1 _aSarmento, A.M.
245 1 _aBotanica agricola. Anatomia e fisiologia vegetais [celula vegetal, histologia]
260 3 _aCuritiba, PR (Brasil):
_bEd. Guaira,
_c[nd].
300 _a272 p.
500 _a17 ref. (*) Documento disponível na(o) Biblioteca Publica do Parana, Curitiba (Brazil)
650 _aHISTOLOGIA VEGETAL
650 _aBOTANICA
650 _aESTRUTURA VEGETAL
650 _aCELULA VEGETAL
909 _a202309
_bLucia
_c55
_dLucia Elande
942 _cBK
999 _c12774
_d12774